Longman dictionary of contemporary English

Αποθηκεύτηκε σε:
Λεπτομέρειες βιβλιογραφικής εγγραφής
Άλλοι συγγραφείς: Summers, Della (edtf)
Μορφή: Βιβλίο
Γλώσσα:English
Δημοσίευση: Harlow : Longman, c2003.
Έκδοση:4th ed.
Θέματα:
Ετικέτες: Προσθήκη ετικέτας
Δεν υπάρχουν, Καταχωρήστε ετικέτα πρώτοι!

MARC

LEADER 00000cam a2200000 i 4500
001 1/90734
008 080709s2003 enk| ||| |||| ||eng||
020 |a 1405811269   |q (χαρτόδετο) 
035 |l 10098818 
040 |a GR-MyUa  |b gre  |e AACR2 
041 0 |a eng 
082 7 |a 423   |2 (22) 
245 0 0 |a Longman dictionary of contemporary English /   |c [director: Della Summers]. 
250 |a 4th ed. 
260 |a Harlow :   |b Longman,   |c c2003. 
300 |a xvii, 1949 σ. :   |b εικ. (μερικές έγχρ.) ;   |c 23 εκ. +   |e 2 οπτικές δισκέτες λέϊζερ Η/Υ (4 3/4 ίν.) 
650 0 |a English language  |x Dictionaries. 
650 0 |a English language  |x Terms and phrases. 
700 1 |a Summers, Della,  |e edtf 
852 |a INST  |b SYROS  |e 20080709  |h 423 LON  |p 005500005696  |q 005500005696  |t REF  |y 23  |z ??? 
852 |a INST  |b SYROS  |e 20080709  |h 423 LON  |p 005500005697  |q 005500005697  |t REF  |y 23  |z cdrom.2 
852 |a INST  |b SYROS  |e 20080709  |h 423 LON  |p 005500005698  |q 005500005698  |t REF  |y 23  |z cdrom.1 
901 |a BIBL5-2008-2 
922 |a 5ΕΛΗ  |b 200711  |c ΕΠΕΑΕΚ2/ΤΜΣΠΣ  |d Ελευθερουδάκης 
970 |a Καγιαβά  |b Ειρήνη  |z 09/07/2008